[Event "Titled Tuesday intern op 09th Jan Early"]
[Site "Chess.com INT"]
[Date "2024.01.09"]
[Round "7"]
[White "Goltseva, Ekaterina"]
[Black "Mabusela, Johannes Manyedi"]
[Result "0-1"]
[WhiteElo "2329"]
[BlackElo "2202"]
[PlyCount "140"]
[EventDate "2024.01.09"]
[EventType "swiss (blitz)"]
[EventRounds "11"]
[EventCountry "USA"]
[SourceTitle "CB03_2024"]
[SourceDate "2024.01.17"]
[SourceVersion "1"]
[SourceVersionDate "2024.01.17"]
[SourceQuality "1"]

1. e4 e6 2. d4 d5 3. exd5 exd5 4. Bd3 Nf6 5. Nf3 Bd6 6. Bg5 0-0 7. 0-0 Bg4 8. h3 Bh5 9. g3 Nbd7 10. g4 Bg6 11. Nc3 c6 12. Ne2 Qc7 13. Bh4 Ne4 14. c4 f5 15. g5 dxc4 16. Bxc4+ Bf7 17. Bxf7+ Rxf7 18. Nc3 Nb6 19. Qb3 Kh8 20. Rac1 Qd7 21. Ne5 Bxe5 22. dxe5 Nd2 23. e6 Nxb3 24. exd7 Nxc1 25. d8Q+ Rxd8 26. g6 hxg6 27. Bxd8 Nd3 28. b3 Rd7 29. Bg5 Ne5 30. Kg2 Rd3 31. Re1 Nf3 32. Re3 Rxc3 33. Kxf3 Rxe3+ 34. Bxe3 Kg8 35. a4 Kf7 36. a5 Nc8 37. Kf4 Ke6 38. Kg5 Kf7 39. Bd4 b6 40. a6 c5 41. Be5 Ne7 42. Bb8 Nc6 43. Bc7 Nb4 44. Bxb6 Nxa6 45. Bxa7 Nc7 46. Bb6 Ne6+ 47. Kh4 Kf6 48. Kg3 Ke5 49. Kf3 Nd4+ 50. Ke3 Nxb3 51. Kd3 Kd5 52. Bd8 Nd4 53. Bc7 Ne6 54. Bb8 g5 55. Kc3 Nf4 56. Ba7 Nxh3 57. Kd3 Nxf2+ 58. Ke3 Ne4 59. Kf3 g4+ 60. Ke3 c4 61. Kf4 c3 62. Kxf5 c2 63. Be3 Nc3 64. Kxg4 Ke4 65. Bd2 Nb1 66. Bc1 Kd3 67. Kg5 Ke2 68. Kg6 Kd1 69. Bb2 Nd2 70. Kxg7 Nc4 0-1

[Event "Titled Tuesday intern op 09th Jan Early"]
[Site "Chess.com INT"]
[Date "2024.01.09"]
[Round "5"]
[White "Mabusela, Johannes Manyedi"]
[Black "Maltsevskaya, Aleksandra"]
[Result "1-0"]
[WhiteElo "2202"]
[BlackElo "2378"]
[PlyCount "105"]
[EventDate "2024.01.09"]
[EventType "swiss (blitz)"]
[EventRounds "11"]
[EventCountry "USA"]
[SourceTitle "CB03_2024"]
[SourceDate "2024.01.17"]
[SourceVersion "1"]
[SourceVersionDate "2024.01.17"]
[SourceQuality "1"]

1. d4 Nf6 2. c4 g6 3. Nc3 Bg7 4. e4 d6 5. f3 0-0 6. Be3 Nc6 7. Nge2 a6 8. Qd2 Na5 9. b3 b5 10. c5 dxc5 11. dxc5 b4 12. Na4 Nxe4 13. Qxd8 Rxd8 14. Rc1 Nf6 15. Bd2 Nd5 16. Nf4 Nxf4 17. Bxf4 e5 18. Bg5 f6 19. Be3 Bd7 20. Nb2 Bb5 21. Kf2 f5 22. Bg5 Rd7 23. Nc4 h6 24. Be3 f4 25. Nxa5 fxe3+ 26. Kxe3 h5 27. Bc4+ Bxc4 28. Rxc4 Bh6+ 29. Ke4 Rd2 30. Kxe5 Re8+ 31. Kf6 Kh7 32. Re4 Bg7+ 33. Kf7 Rf8+ 34. Ke7 Rf5 35. Nc6 Rxc5 36. Re6 Rxg2 37. Rd1 Rf5 38. Rd7 Rxf3 39. Nd8 Rgf2 40. Rxc7 Kh6 41. Kd7 Bf8 42. Kc8 Rf6 43. Rcc6 Rxe6 44. Nxe6 Rc2 45. Rxc2 Be7 46. Kd7 g5 47. Rc6 Kg6 48. Kxe7 Kf5 49. Rc5+ Ke4 50. Rxg5 Kd3 51. Rxh5 Kc2 52. Ra5 Kb2 53. Rxa6 1-0

[Event "Titled Tuesday intern op 09th Jan Early"]
[Site "Chess.com INT"]
[Date "2024.01.09"]
[Round "6"]
[White "Srihari, LR."]
[Black "Mabusela, Johannes Manyedi"]
[Result "1-0"]
[WhiteElo "2469"]
[BlackElo "2202"]
[PlyCount "45"]
[EventDate "2024.01.09"]
[EventType "swiss (blitz)"]
[EventRounds "11"]
[EventCountry "USA"]
[SourceTitle "CB03_2024"]
[SourceDate "2024.01.17"]
[SourceVersion "1"]
[SourceVersionDate "2024.01.17"]
[SourceQuality "1"]

1. Nf3 c5 2. g3 Nc6 3. Bg2 g6 4. 0-0 Bg7 5. c3 d6 6. d4 cxd4 7. cxd4 Nf6 8. Nc3 0-0 9. h3 d5 10. Ne5 e6 11. f4 Nxe5 12. fxe5 Nd7 13. e4 dxe4 14. Nxe4 h6 15. Be3 Rb8 16. Qd2 Kh7 17. Rf2 b6 18. Raf1 Qe7 19. Nf6+ Kh8 20. Bxh6 Ba6 21. Qg5 Bxf1 22. Qh4 Nxf6 23. Bxg7+ 1-0

[Event "Kimberley Moja op"]
[Site "Kimberley"]
[Date "2023.10.04"]
[Round "9"]
[White "Mabusela, Johannes Manyedi"]
[Black "Rogov, Matfey"]
[Result "1/2-1/2"]
[WhiteElo "2170"]
[BlackElo "2087"]
[PlyCount "22"]
[EventDate "2023.09.30"]
[EventType "swiss"]
[EventRounds "9"]
[EventCountry "RSA"]
[SourceTitle "EXT 2024"]
[Source "ChessBase"]
[SourceDate "2023.10.10"]
[SourceVersion "1"]
[SourceVersionDate "2023.10.10"]
[SourceQuality "1"]

1. d4 Nf6 2. c4 e6 3. Nc3 Bb4 4. Qc2 c5 5. dxc5 Na6 6. a3 Bxc3+ 7. Qxc3 Nxc5 8. b4 Nce4 9. Qb2 d5 10. c5 d4 11. e3 e5 1/2-1/2

[Event "Kimberley Moja op"]
[Site "Kimberley"]
[Date "2023.10.03"]
[Round "7"]
[White "Fawzy, Adham"]
[Black "Mabusela, Johannes Manyedi"]
[Result "1-0"]
[WhiteElo "2535"]
[BlackElo "2170"]
[PlyCount "113"]
[EventDate "2023.09.30"]
[EventType "swiss"]
[EventRounds "9"]
[EventCountry "RSA"]
[SourceTitle "EXT 2024"]
[Source "ChessBase"]
[SourceDate "2023.10.10"]
[SourceVersion "1"]
[SourceVersionDate "2023.10.10"]
[SourceQuality "1"]

1. e4 c5 2. Nf3 Nc6 3. Bb5 g6 4. 0-0 Bg7 5. Re1 Nf6 6. e5 Nd5 7. Nc3 Nc7 8. Bxc6 dxc6 9. Ne4 Ne6 10. d3 b6 11. a4 a5 12. Be3 Qc7 13. Qc1 h6 14. c3 Bb7 15. d4 cxd4 16. Nxd4 Bc8 17. Bf4 c5 18. Nf6+ Kf8 19. Nd5 Qb7 20. Nxe6+ Bxe6 21. Ne3 Kg8 22. Qc2 Kh7 23. Bg3 f5 24. exf6 exf6 25. h4 h5 26. Bf4 Rhe8 27. f3 Qf7 28. Qe4 Rac8 29. Qd3 c4 30. Qd6 Qb7 31. Nc2 Bf8 32. Qd2 Bc5+ 33. Be3 Bf5 34. Bxc5 bxc5 35. Na3 Bd3 36. Nb5 Qd7 37. Qf4 Kg7 38. Nd6 Rxe1+ 39. Rxe1 Rf8 40. Nxc4 Bxc4 41. Qxc4 Re8 42. Rxe8 Qxe8 43. Kf2 Qb8 44. Qb5 Qf4 45. Qd7+ Kh6 46. g3 Qc1 47. Ke2 g5 48. hxg5+ fxg5 49. Qd6+ Kg7 50. Qxc5 Qxb2+ 51. Ke3 Qc1+ 52. Ke4 Qe1+ 53. Kf5 Qxg3 54. Qe7+ Kh6 55. Qf6+ Kh7 56. Qf7+ Kh8 57. Qxh5+ 1-0

[Event "Titled Tuesday intern op 18th Jan"]
[Site "Chess.com INT"]
[Date "2022.01.18"]
[Round "4"]
[White "Mabusela, Johannes Manyedi"]
[Black "Boehmer, Christian"]
[Result "1-0"]
[WhiteElo "2216"]
[BlackElo "2176"]
[PlyCount "75"]
[EventDate "2022.01.18"]
[EventType "swiss (blitz)"]
[EventRounds "11"]
[EventCountry "USA"]
[SourceTitle "CBM 206 Extra"]
[Source "ChessBase"]
[SourceDate "2022.03.31"]
[SourceVersion "1"]
[SourceVersionDate "2022.03.31"]
[SourceQuality "1"]

1. d4 Nf6 2. c4 c5 3. d5 e6 4. Nc3 exd5 5. cxd5 d6 6. Nf3 g6 7. Nd2 a6 8. a4 Bg7 9. e4 0-0 10. Be2 Re8 11. 0-0 Nbd7 12. f4 Qc7 13. Kh1 b6 14. Bf3 Bb7 15. Nc4 Rad8 16. Qc2 Qb8 17. Bd2 Bf8 18. Rae1 b5 19. axb5 axb5 20. Na5 b4 21. Nxb7 Qxb7 22. Nd1 Qb8 23. b3 Rc8 24. Nb2 Nb6 25. Re2 Nfd7 26. Bg4 Rc7 27. Rfe1 Qd8 28. Bf3 Bg7 29. Nd3 c4 30. Nxb4 cxb3 31. Qxb3 Nc5 32. Qb1 Nc4 33. Nc6 Qf6 34. Bc1 Rb7 35. Qc2 Nb6 36. e5 Qd8 37. e6 fxe6 38. Nxd8 1-0

[Event "Titled Tuesday intern op 18th Jan"]
[Site "Chess.com INT"]
[Date "2022.01.18"]
[Round "7"]
[White "Serikbay, Assel"]
[Black "Mabusela, Johannes Manyedi"]
[Result "1-0"]
[WhiteElo "2196"]
[BlackElo "2216"]
[PlyCount "43"]
[EventDate "2022.01.18"]
[EventType "swiss (blitz)"]
[EventRounds "11"]
[EventCountry "USA"]
[SourceTitle "CBM 206 Extra"]
[Source "ChessBase"]
[SourceDate "2022.03.31"]
[SourceVersion "1"]
[SourceVersionDate "2022.03.31"]
[SourceQuality "1"]

1. d4 Nf6 2. Nf3 c5 3. d5 d6 4. c4 g6 5. Nc3 Bg7 6. g3 0-0 7. Bg2 a6 8. 0-0 b5 9. cxb5 axb5 10. Nxb5 Ba6 11. Nc3 Nbd7 12. Rb1 Qa5 13. Bd2 Rfb8 14. Qc2 Qc7 15. b3 Ng4 16. h3 Nge5 17. Nxe5 Nxe5 18. f4 Nd7 19. Rfe1 Bb7 20. e4 Ra6 21. Bf1 Ra3 22. Nb5 1-0

[Event "Randburg Superhero"]
[Site "Randburg"]
[Date "2022.01.05"]
[Round "4"]
[White "Mabusela, Johannes Manyedi"]
[Black "February, Jesse Nikki"]
[Result "1-0"]
[WhiteElo "2216"]
[BlackElo "1845"]
[PlyCount "57"]
[EventDate "2022.01.04"]
[EventType "tourn"]
[EventRounds "7"]
[EventCountry "RSA"]
[SourceTitle "EXT 2023"]
[Source "ChessBase"]
[SourceDate "2022.10.05"]
[SourceVersion "1"]
[SourceVersionDate "2022.10.05"]
[SourceQuality "1"]

1. d4 d5 2. c4 e6 3. Nc3 Nf6 4. cxd5 Nxd5 5. e4 Nxc3 6. bxc3 c5 7. Nf3 cxd4 8. cxd4 Bb4+ 9. Bd2 Bxd2+ 10. Qxd2 0-0 11. Bc4 Nd7 12. 0-0 b6 13. Rfe1 Bb7 14. Rad1 Qf6 15. e5 Qg6 16. Nh4 Qg4 17. g3 Rfd8 18. Be2 Qh3 19. f3 Nxe5 20. Qe3 Nxf3+ 21. Bxf3 Bxf3 22. Qxf3 Rac8 23. d5 Rc2 24. Ng2 exd5 25. Qxd5 Rf8 26. Re7 Rc5 27. Qf3 Rh5 28. Rxf7 Rc8 29. Rc7 1-0

[Event "Randburg Superhero"]
[Site "Randburg"]
[Date "2022.01.05"]
[Round "3"]
[White "Mazibuko, Khanya"]
[Black "Mabusela, Johannes Manyedi"]
[Result "1/2-1/2"]
[WhiteElo "1940"]
[BlackElo "2216"]
[PlyCount "88"]
[EventDate "2022.01.04"]
[EventType "tourn"]
[EventRounds "7"]
[EventCountry "RSA"]
[SourceTitle "EXT 2023"]
[Source "ChessBase"]
[SourceDate "2022.10.05"]
[SourceVersion "1"]
[SourceVersionDate "2022.10.05"]
[SourceQuality "1"]

1. e4 c6 2. d4 d5 3. e5 Bf5 4. Ne2 e6 5. Ng3 Bg6 6. h4 h5 7. Be2 c5 8. c3 Nc6 9. Be3 Qb6 10. b3 cxd4 11. cxd4 Nge7 12. 0-0 Nf5 13. Nxf5 Bxf5 14. a3 Be7 15. g3 Rc8 16. b4 g6 17. Nc3 f6 18. Na4 Qd8 19. Rc1 fxe5 20. dxe5 d4 21. Bf4 d3 22. Bf3 Nd4 23. Bxb7 Ne2+ 24. Kh2 Nxc1 25. Bxc8 Ne2 26. Bb7 Nxf4 27. Bc6+ Kf7 28. gxf4 Bf8 29. Kg3 Bh6 30. Qd2 Kg7 31. Qe3 Rf8 32. Nc5 Qe7 33. Nd7 Rd8 34. Nf6 Kf8 35. Be4 Bg7 36. Bxf5 exf5 37. Nh7+ Kg8 38. Ng5 Bh6 39. Rd1 Bxg5 40. fxg5 Qd7 41. f4 Kf7 42. Rd2 Ke6 43. Kf2 Qd4 44. Qxd4 Rxd4 1/2-1/2

[Event "RSA-chT Regions"]
[Site "Boksburg"]
[Date "2020.01.10"]
[Round "4.2"]
[White "Zwakala, Ntando"]
[Black "Mabusela, Johannes Manyedi"]
[Result "0-1"]
[WhiteElo "2093"]
[BlackElo "2219"]
[PlyCount "70"]
[EventDate "2020.01.09"]
[EventType "team-swiss"]
[EventRounds "7"]
[EventCountry "RSA"]
[SourceTitle "CBM 194 Extra"]
[Source "ChessBase"]
[SourceDate "2020.03.31"]
[SourceVersion "1"]
[SourceVersionDate "2020.03.31"]
[SourceQuality "1"]
[WhiteTeam "Johannesburg Black Bishops"]
[BlackTeam "GTP Open"]
[WhiteTeamCountry "RSA"]
[BlackTeamCountry "RSA"]

1. Nf3 Nf6 2. c4 e6 3. Nc3 c5 4. g3 b6 5. Bg2 Bb7 6. 0-0 Be7 7. b3 0-0 8. Bb2 d5 9. cxd5 exd5 10. d4 Na6 11. e3 Nc7 12. Rc1 Ne6 13. dxc5 bxc5 14. Na4 Rc8 15. Qe2 Ne4 16. Rfd1 Qa5 17. Nd2 Nf6 18. Bc3 Qc7 19. Bb2 Rfd8 20. Nf3 Qb8 21. Ba3 Bf8 22. Bh3 Ne4 23. Rc2 Qa8 24. Rdc1 d4 25. Bxe6 fxe6 26. exd4 cxd4 27. Rxc8 Bxc8 28. Bxf8 Rxf8 29. h4 Bd7 30. Rf1 Qd5 31. Ne1 Bb5 32. Nd3 Nc3 33. Nxc3 dxc3 34. Rd1 Rd8 35. Rc1 Bxd3 0-1

[Event "Sandton SWVG blitz op"]
[Site "Sandton"]
[Date "2019.05.19"]
[Round "3"]
[White "Khumalo, Keith"]
[Black "Mabusela, Johannes Manyedi"]
[Result "0-1"]
[WhiteElo "1916"]
[BlackElo "2270"]
[PlyCount "82"]
[EventDate "2019.05.19"]
[EventType "swiss (blitz)"]
[EventRounds "10"]
[EventCountry "RSA"]
[SourceTitle "CBM 190 Extra"]
[Source "ChessBase"]
[SourceDate "2019.07.15"]
[SourceVersion "1"]
[SourceVersionDate "2019.07.15"]
[SourceQuality "1"]

1. d4 Nf6 2. c4 e6 3. Nf3 c5 4. d5 b5 5. dxe6 fxe6 6. cxb5 d5 7. Nbd2 Bb7 8. e4 Be7 9. e5 Nfd7 10. Bd3 c4 11. Bb1 0-0 12. 0-0 Rf7 13. Re1 a6 14. Nd4 Qb6 15. N2f3 axb5 16. Bg5 Bc5 17. Be3 Nf8 18. Ng5 Re7 19. Qg4 Nbd7 20. Qh4 g6 21. Ngf3 Rf7 22. Ng5 Re7 23. Ngf3 Rf7 24. Nc2 Rxf3 25. gxf3 Nxe5 26. Qg3 Nf7 27. Bxc5 Qxc5 28. Ne3 d4 29. Ng4 d3 30. b3 Qd4 31. Bxd3 cxd3 32. Rad1 d2 33. Re2 Rxa2 34. Ne3 Qd3 35. Kf1 Nd7 36. Qc7 Bxf3 37. Qc8+ Nf8 38. Rdxd2 Ra1+ 39. Rd1 Rxd1+ 40. Nxd1 Qxe2+ 41. Kg1 Qxd1# 0-1

[Event "Sandton SWVG blitz op"]
[Site "Sandton"]
[Date "2019.05.19"]
[Round "4"]
[White "Mabusela, Johannes Manyedi"]
[Black "Grover, Sahaj"]
[Result "0-1"]
[WhiteElo "2270"]
[BlackElo "2487"]
[PlyCount "98"]
[EventDate "2019.05.19"]
[EventType "swiss (blitz)"]
[EventRounds "10"]
[EventCountry "RSA"]
[SourceTitle "CBM 190 Extra"]
[Source "ChessBase"]
[SourceDate "2019.07.15"]
[SourceVersion "1"]
[SourceVersionDate "2019.07.15"]
[SourceQuality "1"]

1. d4 d5 2. c4 e6 3. Nc3 Bb4 4. cxd5 exd5 5. e3 c5 6. dxc5 Nc6 7. Bd3 Nf6 8. Nge2 0-0 9. 0-0 Bxc5 10. a3 Re8 11. b4 Bd6 12. Ng3 a5 13. bxa5 Qxa5 14. Nb5 Be5 15. Rb1 Bg4 16. Be2 Bxe2 17. Qxe2 Rad8 18. Qd2 Qa4 19. Bb2 Qh4 20. Bxe5 Nxe5 21. Qd4 Qh6 22. Qf4 Qxf4 23. exf4 Nc6 24. Nf5 g6 25. Nfd4 Ne4 26. Rfd1 Re7 27. f3 Nd6 28. Nxd6 Rxd6 29. Rb6 Red7 30. Nb5 Re6 31. Nc3 Ne7 32. Rxe6 fxe6 33. Kf2 Rc7 34. Nb5 Rc2+ 35. Ke3 Nf5+ 36. Kd3 Rxg2 37. Nc7 Kf7 38. Rb1 Nd6 39. Rb6 Ke7 40. Nb5 Nxb5 41. Rxb7+ Kf6 42. Rxb5 Rxh2 43. a4 Rf2 44. Ke3 Ra2 45. a5 Ra3+ 46. Kd4 Rxf3 47. Rb7 Rxf4+ 48. Ke3 Ra4 49. Rxh7 Rxa5 0-1

[Event "Sandton SWVG blitz op"]
[Site "Sandton"]
[Date "2019.05.19"]
[Round "1"]
[White "Modi, Yashil"]
[Black "Mabusela, Johannes Manyedi"]
[Result "0-1"]
[WhiteElo "1765"]
[BlackElo "2270"]
[PlyCount "76"]
[EventDate "2019.05.19"]
[EventType "swiss (blitz)"]
[EventRounds "10"]
[EventCountry "RSA"]
[SourceTitle "CBM 190 Extra"]
[Source "ChessBase"]
[SourceDate "2019.07.15"]
[SourceVersion "1"]
[SourceVersionDate "2019.07.15"]
[SourceQuality "1"]

1. d4 Nf6 2. Nf3 c5 3. d5 d6 4. Nc3 g6 5. e4 Bg7 6. Bb5+ Bd7 7. a4 0-0 8. 0-0 Na6 9. h3 Nc7 10. Bd3 b6 11. Bf4 a6 12. Qe2 b5 13. axb5 axb5 14. Nxb5 Nxb5 15. Bxb5 Bxb5 16. Qxb5 Nxe4 17. Qd3 f5 18. c3 Qb6 19. Qc2 Qb7 20. Rxa8 Rxa8 21. Rd1 Ra2 22. Bc1 Nxc3 23. Re1 Ne4 24. Ng5 Nxg5 25. Bxg5 Rxb2 26. Qd3 Bf6 27. Bxf6 exf6 28. Qe3 Qd7 29. Qe6+ Qxe6 30. Rxe6 Rb6 31. Rxf6 c4 32. Re6 c3 33. Re8+ Kf7 34. Rc8 Rb3 35. Rc7+ Kf6 36. Rxh7 Rb5 37. Rc7 Rc5 38. Rc8 Rxc8 0-1

[Event "Sandton SWVG rapid op"]
[Site "Sandton"]
[Date "2019.05.18"]
[Round "5"]
[White "Grover, Sahaj"]
[Black "Mabusela, Johannes Manyedi"]
[Result "1/2-1/2"]
[WhiteElo "2475"]
[BlackElo "2302"]
[PlyCount "57"]
[EventDate "2019.05.18"]
[EventType "swiss (rapid)"]
[EventRounds "10"]
[EventCountry "RSA"]
[SourceTitle "CBM 190 Extra"]
[Source "ChessBase"]
[SourceDate "2019.07.15"]
[SourceVersion "1"]
[SourceVersionDate "2019.07.15"]
[SourceQuality "1"]

1. e4 e6 2. d4 d5 3. Nc3 Nf6 4. e5 Nfd7 5. f4 c5 6. Nf3 Nc6 7. Be3 Be7 8. Qd2 0-0 9. dxc5 Nxc5 10. 0-0-0 a6 11. Qf2 b6 12. h4 Qc7 13. Kb1 f6 14. exf6 Bxf6 15. Nd4 Bxd4 16. Bxd4 Rxf4 17. Qe3 Nxd4 18. Rxd4 Rxd4 19. Qxd4 Bb7 20. Be2 e5 21. Qd2 d4 22. Nd1 Rf8 23. Re1 Kh8 24. Bc4 b5 25. Bb3 Nxb3 26. axb3 Qd6 27. Nf2 h6 28. b4 Re8 29. Ne4 1/2-1/2

[Event "Sandton SWVG rapid op"]
[Site "Sandton"]
[Date "2019.05.18"]
[Round "4"]
[White "Mabusela, Johannes Manyedi"]
[Black "Zwakala, Ntando"]
[Result "1-0"]
[WhiteElo "2302"]
[BlackElo "2088"]
[PlyCount "112"]
[EventDate "2019.05.18"]
[EventType "swiss (rapid)"]
[EventRounds "10"]
[EventCountry "RSA"]
[SourceTitle "CBM 190 Extra"]
[Source "ChessBase"]
[SourceDate "2019.07.15"]
[SourceVersion "1"]
[SourceVersionDate "2019.07.15"]
[SourceQuality "1"]

1. d4 Nf6 2. c4 e6 3. Nc3 Bb4 4. e3 0-0 5. Bd3 c5 6. Nge2 d5 7. cxd5 exd5 8. dxc5 Bxc5 9. 0-0 Nc6 10. a3 a6 11. b4 Ba7 12. b5 Ne5 13. Bb1 Re8 14. Ra2 Be6 15. Nd4 Rc8 16. Nce2 Nc4 17. bxa6 bxa6 18. Nxe6 fxe6 19. Ng3 g6 20. e4 d4 21. Bd3 Qa5 22. Qe2 Ne5 23. Bxa6 Rb8 24. Bd2 Qa4 25. Bf4 Nfd7 26. Bd3 Qb3 27. Rd2 Qxa3 28. Bb5 d3 29. Bxd3 Qf8 30. Be3 Bxe3 31. Qxe3 Rbd8 32. Be2 Nf6 33. h3 Rxd2 34. Qxd2 Rd8 35. Qf4 Nfd7 36. Qxf8+ Nxf8 37. f4 Nc6 38. Bc4 Na5 39. Ba2 Rd3 40. Kh2 Kg7 41. f5 exf5 42. exf5 Nd7 43. fxg6 hxg6 44. Rf7+ Kh6 45. Ne4 Rd4 46. Nf2 Ne5 47. Ra7 Nac6 48. Ra3 Rd2 49. Ne4 Re2 50. Nf6 Kg7 51. Nd5 g5 52. Ne3 Kf6 53. Bd5 Ke7 54. Kg1 Nd4 55. Be4 Nb5 56. Rb3 Nd4 1-0

[Event "Durban Umhlanga"]
[Site "Durban"]
[Date "2019.04.19"]
[Round "1"]
[White "Mhango, Banele"]
[Black "Mabusela, Johannes Manyedi"]
[Result "1/2-1/2"]
[WhiteElo "1820"]
[BlackElo "2254"]
[PlyCount "58"]
[EventDate "2019.04.19"]
[EventType "tourn"]
[EventRounds "6"]
[EventCountry "RSA"]
[SourceTitle "EXT 2021"]
[Source "ChessBase"]
[SourceDate "2020.10.23"]
[SourceVersion "1"]
[SourceVersionDate "2020.10.23"]
[SourceQuality "1"]

1. e4 e6 2. d4 d5 3. Nc3 Nf6 4. e5 Nfd7 5. f4 c5 6. Nf3 Nc6 7. Be3 Be7 8. Qd2 0-0 9. dxc5 Nxc5 10. 0-0-0 a6 11. Qf2 b6 12. Nd4 Qc7 13. Be2 f6 14. exf6 Bxf6 15. g3 Bb7 16. Bf3 Kh8 17. Rhe1 Rae8 18. Qg2 Nd8 19. Qh3 Bc8 20. Bg4 b5 21. Kb1 Nf7 22. f5 b4 23. Nce2 exf5 24. Bxf5 g6 25. Bxc8 Rxe3 26. Rf1 Ne4 27. Bxa6 Qa7 28. Bc8 Nfd6 29. Be6 b3 1/2-1/2

[Event "Titled Tuesday intern op 2nd April"]
[Site "Chess.com INT"]
[Date "2019.04.02"]
[Round "2"]
[White "Grigorjev, Iljya"]
[Black "Mabusela, Johannes Manyedi"]
[Result "1-0"]
[WhiteElo "2380"]
[BlackElo "2254"]
[PlyCount "61"]
[EventDate "2019.04.02"]
[EventType "swiss (blitz)"]
[EventRounds "10"]
[EventCountry "USA"]
[SourceTitle "EXT 2021"]
[Source "ChessBase"]
[SourceDate "2020.10.23"]
[SourceVersion "1"]
[SourceVersionDate "2020.10.23"]
[SourceQuality "1"]

1. e4 e6 2. d4 d5 3. Nd2 c5 4. Ngf3 Nf6 5. exd5 Qxd5 6. Bc4 Qd8 7. dxc5 Bxc5 8. 0-0 0-0 9. Qe2 a6 10. Rd1 Qc7 11. Ne4 Be7 12. Bg5 Nxe4 13. Qxe4 Bd6 14. Qh4 Nc6 15. Bd3 f5 16. Bc4 b5 17. Bb3 h6 18. Bxh6 gxh6 19. Qxh6 Rf7 20. Ng5 Rg7 21. Bxe6+ Bxe6 22. Nxe6 Qf7 23. Qxg7+ Qxg7 24. Nxg7 Be5 25. Nxf5 Bxb2 26. Rab1 Bc3 27. Rd3 b4 28. h4 Ne5 29. Rg3+ Kf7 30. Nd6+ Ke6 31. Ne4 1-0

[Event "Titled Tuesday intern op 2nd April"]
[Site "Chess.com INT"]
[Date "2019.04.02"]
[Round "3"]
[White "Mabusela, Johannes Manyedi"]
[Black "Arenas Vanegas, David"]
[Result "1/2-1/2"]
[WhiteElo "2254"]
[BlackElo "2440"]
[PlyCount "171"]
[EventDate "2019.04.02"]
[EventType "swiss (blitz)"]
[EventRounds "10"]
[EventCountry "USA"]
[SourceTitle "EXT 2021"]
[Source "ChessBase"]
[SourceDate "2020.10.23"]
[SourceVersion "1"]
[SourceVersionDate "2020.10.23"]
[SourceQuality "1"]

1. d4 Nf6 2. c4 e6 3. Nf3 d5 4. g3 Be7 5. Bg2 0-0 6. 0-0 dxc4 7. Ne5 Nc6 8. Bxc6 bxc6 9. Nxc6 Qe8 10. Nxe7+ Qxe7 11. Qa4 e5 12. dxe5 Qxe5 13. Nc3 Qh5 14. f3 Bh3 15. Rd1 Qc5+ 16. e3 Rfd8 17. Qc2 Qc6 18. e4 Qc5+ 19. Qf2 Qb4 20. Bf4 Rd3 21. Be5 Qe7 22. Bd4 Rd8 23. Rxd3 cxd3 24. Rd1 Nd7 25. Rxd3 Ne5 26. Rd2 c5 27. Be3 Rxd2 28. Bxd2 Qf6 29. f4 Nd3 30. Qe3 Nxb2 31. Qxc5 h6 32. Nd5 Qa6 33. Qf2 Qxa2 34. Qe1 Nd3 35. Qd1 Qc4 36. Qe2 Qd4+ 37. Ne3 Qxe4 38. Bc3 Nc5 39. Kf2 Nd3+ 40. Kg1 Nc5 41. Qd2 Qb1+ 42. Qd1 Qxd1+ 43. Nxd1 Nb3 44. Nb2 f6 45. Kf2 Kf7 46. Kf3 Be6 47. Nd3 Bd5+ 48. Ke3 Ke6 49. Nb4 Bb7 50. Kd3 a5 51. Nc2 a4 52. Bb4 Ba6+ 53. Kc3 g5 54. fxg5 hxg5 55. Ba3 Bb7 56. Nb4 Kf5 57. Nd3 Kg4 58. Be7 f5 59. h4 gxh4 60. Bxh4 Be4 61. Ne5+ Kh3 62. Kb4 f4 63. gxf4 Kxh4 64. Kxa4 Nd4 65. Kb4 Kg3 66. Kc4 Nf5 67. Ng6 Nd6+ 68. Kc5 Nb7+ 69. Kb6 Nd8 70. Kc7 Ne6+ 71. Kd6 Ng7 72. Ke7 Nh5 73. f5 Bxf5 74. Ne5 Kf4 75. Nc4 Ng3 76. Nd6 Bd3 77. Ke6 Nf1 78. Nf7 Bc4+ 79. Ke7 Ne3 80. Nd6 Bb3 81. Kd7 Ke5 82. Kc6 Ba4+ 83. Kc5 Nd5 84. Nc4+ Ke6 85. Nb6 Nxb6 86. Kxb6 1/2-1/2

[Event "Titled Tuesday intern op 6th Nov"]
[Site "Chess.com INT"]
[Date "2018.11.06"]
[Round "4"]
[White "Nguyen, Thi Thanh An"]
[Black "Mabusela, Johannes Manyedi"]
[Result "1-0"]
[WhiteElo "2262"]
[BlackElo "2245"]
[PlyCount "111"]
[EventDate "2018.11.06"]
[EventType "swiss (blitz)"]
[EventRounds "10"]
[EventCountry "USA"]
[SourceTitle "EXT 2021"]
[Source "ChessBase"]
[SourceDate "2020.10.23"]
[SourceVersion "1"]
[SourceVersionDate "2020.10.23"]
[SourceQuality "1"]

1. d4 Nf6 2. c4 e6 3. g3 Bb4+ 4. Bd2 Qe7 5. Bg2 0-0 6. Nf3 Bxd2+ 7. Nbxd2 Nc6 8. 0-0 d6 9. e3 e5 10. d5 Nb8 11. b4 a5 12. a3 Na6 13. Qb3 Bg4 14. h3 Bd7 15. e4 c6 16. Ne1 axb4 17. axb4 c5 18. b5 Nb4 19. Nd3 Nxd3 20. Qxd3 Qd8 21. Qc3 Qb6 22. Kh2 Rfe8 23. f3 h6 24. Ra3 Rxa3 25. Qxa3 Nh7 26. Ra1 Qd8 27. Qa5 Qg5 28. Nf1 Nf8 29. Qc7 Bc8 30. Qxd6 f5 31. exf5 Bxf5 32. Qxc5 e4 33. f4 Qf6 34. Re1 h5 35. Ne3 Bh7 36. d6 h4 37. Qd5+ Kh8 38. Ng4 hxg3+ 39. Kxg3 Qc3+ 40. Re3 Qc2 41. Ne5 Re6 42. d7 Qc1 43. Kf2 Rf6 44. Nf7+ Kg8 45. Ng5+ Kh8 46. d8Q Rxf4+ 47. Nf3 exf3 48. Rxf3 Qc2+ 49. Qd2 Rxf3+ 50. Bxf3 Qf5 51. Q2d6 Bg8 52. Q8xf8 Qc2+ 53. Kg3 Qxc4 54. Qdf4 Qxf4+ 55. Kxf4 Kh7 56. Be4+ 1-0

[Event "Olympiad-43"]
[Site "Batumi"]
[Date "2018.10.03"]
[Round "9.3"]
[White "Noboa Silva, Kevin Omar"]
[Black "Mabusela, Johannes Manyedi"]
[Result "1/2-1/2"]
[WhiteElo "2256"]
[BlackElo "2245"]
[PlyCount "88"]
[EventDate "2018.09.24"]
[EventType "team-swiss"]
[EventRounds "11"]
[EventCountry "GEO"]
[SourceTitle "CBM 187"]
[Source "ChessBase"]
[SourceDate "2018.12.11"]
[SourceVersion "1"]
[SourceVersionDate "2018.12.11"]
[SourceQuality "1"]
[WhiteTeam "Ecuador"]
[BlackTeam "South Africa"]
[WhiteTeamCountry "ECU"]
[BlackTeamCountry "RSA"]

1. d4 Nf6 2. c4 e6 3. Nc3 Bb4 4. e3 0-0 5. Bd3 d5 6. a3 Bxc3+ 7. bxc3 dxc4 8. Bxc4 c5 9. Nf3 Qc7 10. Ba2 b6 11. 0-0 Bb7 12. Nd2 Nbd7 13. Bb2 e5 14. Rc1 Rad8 15. Re1 Rfe8 16. f3 Qb8 17. Qc2 e4 18. fxe4 Nxe4 19. d5 Nxd2 20. Qxd2 c4 21. Bxc4 Nf6 22. Qf2 Nxd5 23. Rcd1 Nf6 24. Rd4 Qc7 25. Bd3 Rxd4 26. exd4 Rxe1+ 27. Qxe1 Qc6 28. Bf1 b5 29. Qe5 a6 30. c4 bxc4 31. d5 Qc8 32. d6 h6 33. Bd4 Bd5 34. Qe7 Be6 35. Qc7 Qxc7 36. dxc7 Nd5 37. Be5 Nb6 38. Kf2 Kf8 39. Ke3 f6 40. Bd6+ Ke8 41. Kd4 Kd7 42. Bf8 g6 43. Bxh6 Kxc7 44. Bg7 f5 1/2-1/2